000 02827 a2200313 4500
003 BJBSDDR
005 20241111165959.0
007 ta
008 061124s2022 sp 00| 0 spa d
020 _a9788423433667
020 _a8423433668
040 _bspa
_cBJBSDDR
041 _aspa
_heng
050 1 4 _aHG 1710
_bB575d 2022
100 1 _aBhatia, Nik
_939364
240 1 0 _aLayered Money.
_lEspañol
245 1 0 _aDel oro al bitcoin :
_bcómo y por qué las criptomonedas harán desaparecer los sistemas monetarios tradicionales /
_cNik Bhatia ; Traducción de: Mercedes Vaquero Granados.
260 _aBarcelona :
_bDeusto,
_c2022.
300 _a157 páginas ;
_c23 cm.
500 _aTítulo original: Layered Money: From Gold and Dollars to Bitcoin and Central Bank Digital Currencies
520 _aTenemos un sistema monetario internacional en vías de reinvención y renovación, algo que rara vez ocurre. Con la consolidación del Bitcoin y otras criptomonedas, surgen muchas incertidumbres acerca del futuro del dinero. Lo que parece claro es que será digital, aunque la ciencia monetaria no disponía hasta ahora de un marco teórico flexible para incorporar estas nuevas formas de dinero.El académico e investigador de mercados financieros Nik Bhatia ofrece en este libro una topografía del dinero con la que orientarse en esta incierta encrucijada. Y lo hace elaborando un nuevo marco teórico denominado «dinero en capas». Esta nueva terminología nos permite describir nuestro dinámico sistema monetario, nos ayudar a navegar por la geomorfología del dinero y nos explica cómo se relacionan entre sí las diferentes formas de dinero.La idea del dinero como un sistema en capas aporta un método más claro para conceptualizar los cambios monetarios, y así poder trazar una historia completa del dinero desde sus orígenes. Bhatia comienza su análisis regresando al florín de oro de la Italia renacentista y a su cultura bancaria floreciente. Continúa con la evolución de la banca central y concluye con una explicación de la manera en que la fusión de las ciencias monetarias y las criptográficas, y la invención del Bitcoin, crearon un cambio sísmico en nuestro sistema financiero.Del oro bitcoin recoge la necesaria puesta al día de la teoría monetaria para poder entender y explicar el papel que jugarán las nuevas criptomonedas en el futuro. En un mundo en el que se podrá escoger moneda, va a suponer una gran ventaja saber desplazarse por el mapa monetario.
650 4 _aBitcoin (Moneda electrónica)
_96869
650 4 _aCriptomonedas
_96870
650 4 _aSistema monetario internacional
_97552
650 4 _aMercado financiero
_xInnovaciones tecnológicas
_939452
700 1 _aVaquero Granados, Mercedes
_91924
_etraductora
942 _2lcc
_cBK
946 _idpf
999 _c122395
_d122395